| 000 | 00748nam a2200181 i 4500 | ||
|---|---|---|---|
| 001 | 53679 | ||
| 003 | ES-MaACL | ||
| 005 | 20250904063048.0 | ||
| 007 | t| | ||
| 008 | 960704s1871 sp ||||1| spa d | ||
| 100 | 1 |
_aFernández de Castro, Manuel, _d1825-1895 _949645 |
|
| 245 | 1 | 0 |
_aEstudio sobre los huracanes ocurridos en la isla de Cuba durante el mes de octubre de 1870 : _bprecedido de algunas consideraciones sobre la teoría, causas, época y frecuencia de estos meteoros / _cpor Manuel Fernández de Castro. |
| 260 |
_aMadrid : _b[s.n.], _c1871 ( _fImprenta de J. M. Lapuente) |
||
| 300 |
_a288 p., [4] h. pleg. de lám. ; _c24 cm. |
||
| 650 | 4 |
_aCiclones- _zCuba. _9167160 |
|
| 852 |
_aES-MaACL _jB-7999 |
||
| 999 |
_c53679 _d53679 |
||